Science Quiz

Random Science or Elements Quiz
Score 0/30 Timer 03:00
1 Play Today
% Correct
Hydrogen
91.4%
Oxygen
91.1%
Gold
88.6%
Silver
86.3%
Carbon
83.2%
Boron
77.9%
Neon
77.9%
Nitrogen
75.3%
Argon
70.4%
Iron
69.9%
Xenon
67.2%
Tin
66.6%
Copper
66.5%
Lead
65.5%
Chlorine
61.7%
% Correct
Fluorine
60.5%
Zinc
58.4%
Radon
57.4%
Krypton
55.5%
Iodine
51.5%
Sulfur
51.5%
Phosphorus
47%
Cobalt
42.9%
Nickel
42.6%
Silicon
42.5%
Tungsten
41.8%
Arsenic
39.6%
Astatine
29.1%
Oganesson
17%
Tennessine
15.9%

You're not logged in!

Compare scores with friends on all Sporcle quizzes.
OR
Log In

Sporcle TV

Today on Sporcle TV


Watch our educational content, quiz creation guides, and fun videos on Sporcle TV.

Show Comments

Extras

Top Quizzes Today


Score Distribution

Paid Content

Your Account Isn't Verified!

In order to create a playlist on Sporcle, you need to verify the email address you used during registration. Go to your Sporcle Settings to finish the process.

Report this User

Report this user for behavior that violates our Community Guidelines.

Details: